La revolución horizontal: el poder de la comunicación en manos de la gente
Bewaard in:
| Hoofdauteurs: | , |
|---|---|
| Formaat: | Boek |
| Taal: | Spaans |
| Gepubliceerd in: |
Lima
USMP
2010
|
| Onderwerpen: | |
| Tags: |
Voeg label toe
Geen labels, Wees de eerste die dit record labelt!
|
MARC
| LEADER | 00000cam a2200000 a 4500 | ||
|---|---|---|---|
| 001 | UCF4010 | ||
| 003 | CL-VaPUC | ||
| 008 | 121115e20100000PE |||||||||||||||||spa|d | ||
| 020 | |a 9786124088063 | ||
| 082 | 0 | 4 | |a 303.4833 |b ALO |2 21 |
| 100 | 0 | |a Alonso, Gonzalo |e author |9 565646 | |
| 700 | 0 | |a Arébalos, Alberto |e author |9 565647 | |
| 245 | 1 | 3 | |a La revolución horizontal: el poder de la comunicación en manos de la gente |
| 300 | |a 325 P | ||
| 942 | |c BK | ||
| 945 | |d 20121115 00:00:00 |a dcastane | ||
| 260 | |a Lima |b USMP |c 2010 | ||
| 650 | 0 | |a Internet |9 254823 | |
| 650 | 0 | |a Interacción social |9 307764 | |
| 650 | 0 | |a Comunicación social |9 334226 | |
| 650 | 0 | |a Comunicación digital |9 260754 | |
| 650 | 0 | |a Realidad virtual |9 361882 | |
| 583 | |a last modification |c 20121115 10:00:00 |k Rodrigo Vera | ||
| 999 | |c 350016 |d 350014 | ||
| 952 | |0 0 |1 0 |4 0 |6 303_483300000000000_ALO_2010 |7 0 |8 A |9 452963 |a BIBCUR |b BIBCUR |d 2019-11-22 |i 4923243 |o 303.4833 ALO 2010 |p 4923243 |r 2025-04-22 |w 2019-11-22 |y BK |k PER | ||